• 首页
  • 本馆介绍
  • 公告通知
  • 最新文献
  • 馆藏检索
  • 电子资源
  • 读者导购
  • 参考咨询
  • 我的图书馆
  • 登录
  • 详细信息显示
  • 放入我的书架
  • 预约/预借图书
  • 作者相关作品
  • 分类相关作品
  • 丛书相关作品
  • 出版社相关作品

书目信息

  • 表格格式
  • 工作单格式
  • 卡片格式
题名:
包容性的城市设计
    
 
作者: 伯顿 , 米切尔 著 ;费腾 , 付本臣 译
分册:  
出版信息: 北京   中国建筑工业出版社  2009.12
页数: 171页
开本: 24cm
丛书名: 国外城市设计丛书
单 册:
中图分类: TU984.191
科图分类:
主题词: 城市道路--城市规划 , 城市道路 , 城市规划
电子资源:
ISBN: 978-7-112-11301-9
000 01143oam2 2200313 45
001 1355721327
005 20130515173941.87
010    @a978-7-112-11301-9@dCNY38.00
100    @a20130108d2009 em y0chiy0120 ea
101 1  @achi@ceng
102    @aCN@b110000
105    @ay z 000yy
106    @ar
200 1  @a包容性的城市设计@ABao Rong Xing De Cheng Shi She Ji@e生活街道@ESheng Huo Jie Dao@f(英)伊丽莎白·伯顿,(英)琳内·米切尔著@F( Ying ) Yi Li Sha Bai· Bo Dun, ( Ying ) Lin Nei· Mi Qie Er Zhu@g费腾,付本臣译
210    @a北京@c中国建筑工业出版社@d2009.12
215    @a171页@c图@d24cm
225 2  @a国外城市设计丛书
330    @a本书阐述了“可持续环境满意度”(WISE)科研项目的目标和内涵,总结了过去十年WISE项目的研究成果,同时也为未来的研究打下了坚实的基础。
461  0 @12001 @a国外城市设计丛书
606 0  @a城市道路@x城市规划
606 0  @a城市道路
606 0  @a城市规划
690    @aTU984.191@v5
701  1 @a伯顿@ABo Dun@4著
701  1 @a米切尔@AMi Qie Er@4著
702  0 @a费腾@AFei Teng@4译
702  0 @a付本臣@AFu Ben Chen@4译
801    @aCN@bTANGWEI@c20130112
905    @b0832005-09@dTU984.191@e613@f5
    
    包容性的城市设计:生活街道/(英)伊丽莎白·伯顿,(英)琳内·米切尔著/费腾,付本臣译.-北京:中国建筑工业出版社,2009.12
    171页:图;24cm.-(国外城市设计丛书)
    
    
    ISBN 978-7-112-11301-9:CNY38.00
    本书阐述了“可持续环境满意度”(WISE)科研项目的目标和内涵,总结了过去十年WISE项目的研究成果,同时也为未来的研究打下了坚实的基础。
●
相关链接 在E读中查询图书 在五车中查询图书 在当当中查询图书 在豆瓣中查询图书


正题名:包容性的城市设计     索取号:TU984.191/613         预约/预借

序号 登录号 条形码 馆藏地/架位号 状态 备注
1 0832005   208320057   第二样本阅览室/ [索取号:TU984.191/613] 在馆    
2 0832006   208320066   第三借阅区/ [索取号:TU984.191/613] 在馆    
3 0832007   208320075   密集书库-资源管理系/ [索取号:TU984.191/613] 在馆    
4 0832008   208320084   第三借阅区/ [索取号:TU984.191/613] 在馆    
5 0832009   208320093   第三借阅区/ [索取号:TU984.191/613] 在馆    
唐山师范学院图书馆 欢迎您!
大连网信软件有限公司© 版权所有